000 01275nam a2200229Ia 4500
001 L235-9310
003 IT-CnALBA
008 170116s9999||||xx |||||||||||||| ||und||
040 _aIT-CnALBA
_cIT-CnALBA
041 _aLATINO - MULTILINGUE
100 _aNULLIUS SUBLACEN.
245 0 _aBEATIFICATIONIS ET CANONIZATIONIS FR. DIDACI ODDI. LAICI PROFESSI ORDINIS FRATRUUM MINORUM.
250 _a1a ed.
260 _a ROMA
_bBELLI E GUERRA TIPOGRAFIA
_c1960 [1° Ed.:1960 - Ed.Ling.Originale: 1960]
300 _a266 p.
500 _aFRATEL DIEGO ODDI. CONGREGAZIONE DEI RITI. RELATORE MICARA CLEMENTE CARDINALE. ESAME SULLA INTRODUZIONE DELLA CAUSA. INFORMAZIONE. TESTIMONI. SOMMARIO. LETTERA POSTULATORIA. DECRETO SULLA REVISIONE DEGLI SCRITTI. OBIEZIONI DEL PROMOTORE DELLA FEDE. RISPOS
501 _aSocietà San Paolo EM - Piazza San Paolo, 14 - 12051 ALBA (CN) (non commercial uses only) ® Copyright 2017
520 _aFRATEL DIEGO ODDI. CONGREGAZIONE DEI RITI. RELATORE MICARA CLEMENTE CARDINALE. ESAME SULLA INTRODUZIONE DELLA CAUSA. INFORMAZIONE. TESTIMONI. SOMMARIO. LETTERA POSTULATORIA. DECRETO SULLA REVISIONE DEGLI SCRITTI. OBIEZIONI DEL PROMOTORE DELLA FEDE. RISPOS
650 _aMARIA SS. ANGELI SANTI DEMONI
942 _cBK
957 _71
999 _a10286
_bNO
_g Copie: 1
_c268486
_d268486